Air Jordan 9 - Statistics

General Stats
  • This quiz has been taken 4 times
  • The average score is 6 of 16
Answer Stats
Picture Answer % Correct
cool grey
100%
olive
100%
playoff / space jam
100%
charcoal
50%
citrus
50%
Johnny Kilroy
50%
kobe
50%
powder blue
50%
UNC
50%
anthracite
0%
baron
0%
chile red
0%
doernbecher
0%
fire red
0%
gym red
0%
photo blue
0%
No matching quizzes found
Score Distribution
Percent of People with Each Score
Percentile by Number Answered
Your Score History
You have not taken this quiz